000 00371 a2200169 4500
001 156964
020 _a8508091834
040 _cEscola São Tomás de Aquino
100 _aMUHRINGER, Sônia Marina
240 1 0 _aO verde e a vida
_lpor
245 1 0 _aO verde e a vida
300 _a40 p.
362 0 _a2005
440 1 _aÁtica
697 _aCiências
942 _cBK
999 _c156964
_d156964